000 00661nam a2200229Ia 4500
003 OSt
005 20230425090722.0
008 210423s2011 xx 000 0 und d
020 _a9788120339750
040 _cAL
041 _aeng
082 _a338.83 RAYK
_223
100 _aRAY (Kamal Ghosh)
_990116
245 _aMergers and acquisitions: strategy valuation and integration
260 _aNew Delhi
_bPHI Learning Pvt Ltd
_c2011
300 _axxi,869
_bPB
365 _b475
_cINR
650 _aEconomics
_990117
650 _aMergers & Acquisitions
_990118
906 _aacquisitions: ; integration ; Mergers ; strategy ; valuation
942 _2ddc
_cBK
999 _c161510
_d161510